000 00335pab a2200145 454500
008 180718b1998 xxu||||| |||| 00| 0 eng d
100 _aAgarwal, Rashmi
245 _aWe, the untrained tertiary teachers
260 _c1998
300 _ap.6-8
362 _a8 Jun
650 _aTeachers
773 _aUniversity News
909 _a37881
999 _c37881
_d37881